000 00750nam a2200241 i 4500
001 77593
003 ES-MaACL
005 20250824042029.0
007 t|
008 041025s2003 sp a |||| | spa d
020 _a84-95889-58-7
080 _a725.822.034/.036(460.27 M.)"16/19"
080 _a792(460.27 M.)"16/19"
100 1 _aSuárez Perales, Ana.
_9108646
245 1 3 _aEl teatro en Madrid
_b: siglos XVII-XX : guía histórica /
_cAna Suárez Perales.
260 _aMadrid :
_bLa Librería,
_c[2003]
300 _a218 p. :
_bil. ;
_c21 cm.
504 _aBibliografía: p. 205-218.
650 1 7 _aTeatros-
_zMadrid
_2
_9161426
650 1 4 _aTeatro-
_zMadrid-
_vHistoria.
_9161427
852 _aES-MaACL
_jL-28346
999 _c77593
_d77593